| 000 | 01123nam0a22002411 4500 | ||
|---|---|---|---|
| 001 | rc\830755 | ||
| 005 | 20260406233649.0 | ||
| 035 | _a(NLR Aleph) 006012792 | ||
| 090 |
_a7346106 _c7346106 |
||
| 100 | _a20041129d1984 |||y0rusy50 ca | ||
| 101 | 0 | _arus | |
| 102 | _aRU | ||
| 105 | _aa ||||||||| | ||
| 200 | 1 |
_aЛюбовь Алексеевна Зотикова _eЖивопись. Графика _eКаталог юбилейной выставки _f[Сост. Г.М. Голубецкая _gАвт. вступ. ст. Т.П. Лоханская] |
|
| 210 |
_aОмск _cБ. и. _d1984 |
||
| 215 |
_a[27] с. _cил., портр. _d21 |
||
| 300 | _aВ надзаг.: Ом. обл. упр. культуры, Ом. орг. Союза художников РСФСР, Ом. творч.-произв. комбинат Худож. фонда РСФСР | ||
| 710 | 1 | 0 |
_aЗотикова, _eОмск _f1984 _gЛюбовь Алексеевна _hВыставка произведений _9469621 _3RU\NLR\AUTH\889987000 |
| 801 | 0 |
_aRU _bNLR _gpsbo |
|
| 801 | 1 |
_aRU _bELAR _2rusmarc |
|
| 852 |
_aNLR _bЭ _jКП/З880 |
||
| 942 | _cBOOK | ||
| 980 | _aNB | ||